[Event "Yugoslav First League"]
[Site "Arandjelovac YUG"]
[Date "1981.08.16"]
[EventDate "1981.08.16"]
[Round "1.2"]
[Result "1-0"]
[White "Srdjan Marangunic"]
[Black "Bosko Abramovic"]
[WhiteElo "2450"]
[BlackElo "2420"]
[PlyCount "54"]

1.g3 d5 2.Nf3 c6 3.Bg2 Nf6 4.O-O Bg4 5.b3 e6 6.Bb2 Nbd7 7.d3 Be7 8.Nbd2 O-O 9.e4 dxe4 10.dxe4 e5 11.h3 Bxf3 12.Qxf3 Bc5 13.Nc4 Qe7 14.h4 a5 15.a4 Rfd8 16.Rfd1 Ne8 17.Bh3 f6 18.Bc3 Bb4 19.Bxb4 axb4 20.Bxd7 Rxd7 21.Rxd7 Qxd7 22.Rd1 Qe7 23.Qd3 Kf8 24.Nb6 Ra6 25.Nd7+ Kf7 26.Qc4+ Kg6 27.Qg8 1-0